Zestawy śniadaniowe jako alternatywa dla asortymentu szkolnych sklepików
Saved in:
| Main Author: | |
|---|---|
| Other Authors: | |
| Format: | Book Chapter |
| Language: | Polish |
| Tags: |
No Tags, Be the first to tag this record!
|
MARC
| LEADER | 00000naa$a2200000$$$4500 | ||
|---|---|---|---|
| 001 | 0172126 | ||
| 005 | 20240502083413.7 | ||
| 041 | 0 | |a pol | |
| 044 | |a PL | ||
| 245 | 1 | 0 | |a Zestawy śniadaniowe jako alternatywa dla asortymentu szkolnych sklepików |c Małgorzata Kosiorowska, Tomasz Lesiów |
| 500 | |a Abstrakt | ||
| 100 | 1 | |a Kosiorowska, Małgorzata, 1978- | |
| 700 | 1 | |a Lesiów, Tomasz | |